Southville International School and Colleges
Your cart is empty.
  • Cart
  • Lists
    Public lists Eva Luna New books Lux_list list_1
    Your lists Log in to create your own lists
  • Log in to your account
  • Your cookies
  • Search history
Southville International School and Colleges
  • Advanced search
  • Recent comments
  • Most popular
  • Libraries

Log in to your account

Log in with GOOGLE


If you do not have an external account, but do have a local account, you can still log in:

  1. Home
  2. MARC view: Black Beauty /
Normal view MARC view ISBD view

Black Beauty / (Record no. 7497)

[ view plain ]
MARC details
000 -LEADER
fixed length control field 01425cam a2200385 a 4500
001 - CONTROL NUMBER
control field 12519850
003 - CONTROL NUMBER IDENTIFIER
control field SISC
005 - DATE AND TIME OF LATEST TRANSACTION
control field 20160303100604.0
008 - FIXED-LENGTH DATA ELEMENTS--GENERAL INFORMATION
fixed length control field 010830s2001 nyu c 000 1 eng d
010 ## - LIBRARY OF CONGRESS CONTROL NUMBER
LC control number 2001276125
020 ## - INTERNATIONAL STANDARD BOOK NUMBER
International Standard Book Number 0-582-40166-6
035 ## - SYSTEM CONTROL NUMBER
System control number (OCoLC)ocm46995042
040 ## - CATALOGING SOURCE
Original cataloging agency JJG
Transcribing agency JJG
Modifying agency TCA
-- DLC
042 ## - AUTHENTICATION CODE
Authentication code lcac
-- lccopycat
050 00 - LIBRARY OF CONGRESS CALL NUMBER
Classification number PZ 10.3
Item number .Se516 1993
082 00 - DEWEY DECIMAL CLASSIFICATION NUMBER
Classification number CLA Se8bl
Item number c1993
100 1# - MAIN ENTRY--PERSONAL NAME
Personal name Sewell, Anna,
Dates associated with a name 1820-1878.
9 (RLIN) 3264
245 10 - TITLE STATEMENT
Title Black Beauty /
Statement of responsibility, etc Anna Sewell ; [with a foreword by Carol Fenner].
250 ## - EDITION STATEMENT
Edition statement 1st Aladdin Paperbacks ed.
260 ## - PUBLICATION, DISTRIBUTION, ETC. (IMPRINT)
Place of publication, distribution, etc England :
Name of publisher, distributor, etc Pearson Education ltd,
Date of publication, distribution, etc c1993.
300 ## - PHYSICAL DESCRIPTION
Extent 47 p. ;
Dimensions 21 cm.
440 #0 - SERIES STATEMENT/ADDED ENTRY--TITLE
Title Aladdin classics
9 (RLIN) 3265
520 ## - SUMMARY, ETC.
Summary, etc A horse in nineteenth-century England recounts his experiences with both good and bad masters.
562 ## - COPY AND VERSION IDENTIFICATION NOTE
Number of copies 1
650 #0 - SUBJECT ADDED ENTRY--TOPICAL TERM
Topical term or geographic name as entry element Horses
Form subdivision Juvenile fiction.
9 (RLIN) 3266
650 #1 - SUBJECT ADDED ENTRY--TOPICAL TERM
Topical term or geographic name as entry element Horses
Form subdivision Fiction.
9 (RLIN) 3267
651 #0 - SUBJECT ADDED ENTRY--GEOGRAPHIC NAME
Geographic name Great Britain
Form subdivision Juvenile fiction.
9 (RLIN) 3268
651 #1 - SUBJECT ADDED ENTRY--GEOGRAPHIC NAME
Geographic name Great Britain
General subdivision History
Chronological subdivision 19th century
Form subdivision Fiction.
9 (RLIN) 3269
856 42 - ELECTRONIC LOCATION AND ACCESS
Materials specified Contributor biographical information
Uniform Resource Identifier <a href="http://www.loc.gov/catdir/bios/simon052/2001276125.html">http://www.loc.gov/catdir/bios/simon052/2001276125.html</a>
856 42 - ELECTRONIC LOCATION AND ACCESS
Materials specified Publisher description
Uniform Resource Identifier <a href="http://www.loc.gov/catdir/description/simon041/2001276125.html">http://www.loc.gov/catdir/description/simon041/2001276125.html</a>
906 ## - LOCAL DATA ELEMENT F, LDF (RLIN)
a 7
b cbc
c copycat
d 3
e ncip
f 20
g y-gencatlg
942 ## - ADDED ENTRY ELEMENTS (KOHA)
Source of classification or shelving scheme Library of Congress Classification
Koha item type Books
Holdings
Withdrawn status Lost status Source of classification or shelving scheme Damaged status Home library Current library Shelving location Date acquired Total Checkouts Full call number Barcode Date last seen Date checked out Copy number Price effective from Koha item type
    Library of Congress Classification   Luxembourg Library Luxembourg Library Classic Section 07/23/2013 1 PZ 10.3 .Se516 1993 8430 09/19/2017 09/15/2017 1 07/23/2013 Books

Black Beauty /

APA

Sewell A., . (1993). Black Beauty. England: Pearson Education ltd.

Chicago

Sewell Anna, . 1993. Black Beauty. England: Pearson Education ltd.

Harvard

Sewell A., . (1993). Black Beauty. England: Pearson Education ltd.

MLA

Sewell Anna, . Black Beauty. England: Pearson Education ltd. 1993.

  • Place hold
  • Print
  • Cite
  • Add to your cart (remove)
  • Save record
    BIBTEX Dublin Core MARCXML MARC (non-Unicode/MARC-8) MARC (Unicode/UTF-8) MARC (Unicode/UTF-8, Standard) MODS (XML) RIS
  • More searches
    Search for this title in:
    Other Libraries (WorldCat) Other Databases (Google Scholar) Online Stores (Bookfinder.com) Open Library (openlibrary.org)

Exporting to Dublin Core...

SOUTHVILLE LIBRARY

Southville International School and Colleges Library

1281 Tropical Ave. Cor. Luxembourg St., BF Homes International, Las Pinas City

Tel. No. 8256374 / 252358 Loc. 117/146

Powered by Koha